000 01311nam a22002657a 4500
001 3688
003 FISKH
005 20240410160511.0
008 240410b cb ||||| |||| 00| 0 eng d
020 _a9781407139678
040 _aFISKH
_beng
_cFISKH
_dFISKH
050 _aPZ7
082 _a823.92
100 _aKelly, Mary
245 _a Tiny goat in trouble /
_cBy Mary Kelly ; Illustrated by Jon Davis
260 _aLondon :
_bScholastic,
_c2014.
300 _a130 pages :
_billustrations ;
_c20 cm
520 _aHarry is enjoying a seaside walk with his aunt, when he spots a tiny goat on a cliff ledge. It has been separated from its mother, and the baby goat is stranded, unable to make it back up to the top. Harry and his aunt call the RSPCA and an exciting rescue ensues, with two inspectors abseiling down the cliff to retrieve the frightened youngster. Luckily, thanks to the RSPCA's team work and Harry's eagle eye, the baby goat is safely reunited with its mother. An exciting, inspiring story based on a real-life animal rescue. With illustrations throughout and lots of facts about goats and the RSPCA.
521 8 _a650
_bLexile estimate
521 8 _aP
_bRaz-Plus
650 _aAnimals
700 _aDavis, Jon
_eIllustrator
942 _2ddc
_cBK
_n0
999 _c3688
_d3688